Government risks 'house building ice age' unless it stands firm (Record no. 112842)

MARC details
000 -LEADER
fixed length control field 00861cad a22001935a 4500
001 - CONTROL NUMBER
control field L154105
008 - FIXED-LENGTH DATA ELEMENTS--GENERAL INFORMATION
fixed length control field 111014s2011 xxk f 000 0 eng d
035 ## - SYSTEM CONTROL NUMBER
System control number (Sirsi) u154105
041 0# - LANGUAGE CODE
Language code of text/sound track or separate title eng
110 2# - MAIN ENTRY--CORPORATE NAME
Corporate name or jurisdiction name as entry element Home Builders Federation
9 (RLIN) 4896
245 00 - TITLE STATEMENT
Title Government risks 'house building ice age' unless it stands firm
Medium [electronic resource]
260 ## - PUBLICATION, DISTRIBUTION, ETC.
Place of publication, distribution, etc. London
Name of publisher, distributor, etc. HBF
Date of publication, distribution, etc. 2011
520 ## - SUMMARY, ETC.
Summary, etc. HBF warned Government it must stand firm on its planning proposals or risk a 'house building ice age' unless the anti development lobby is ignored.
590 ## - LOCAL NOTE (RLIN)
Local note KA
651 #4 - SUBJECT ADDED ENTRY--GEOGRAPHIC NAME
Geographic name United Kingdom
Chronological subdivision
690 ## - LOCAL SUBJECT ADDED ENTRY--TOPICAL TERM (OCLC, RLIN)
Topical term or geographic name as entry element PROPERTY-RESIDENTIAL PROPERTY-DOMESTIC RESIDENTIAL PROPERTY-HOUSING
856 40 - ELECTRONIC LOCATION AND ACCESS
Uniform Resource Identifier <a href="https://www.hbf.co.uk/index.php?id=2355&tx_ttnews%5btt_news%5d=16891&tx_ttnews%5bbackPid%5d=2716&cHash=f071db6f33">https://www.hbf.co.uk/index.php?id=2355&tx_ttnews%5btt_news%5d=16891&tx_ttnews%5bbackPid%5d=2716&cHash=f071db6f33</a>
Public note View the item free of charge at www.hbf.co.uk
942 ## - ADDED ENTRY ELEMENTS (KOHA)
Suppress in OPAC 0
Holdings
Withdrawn status Lost status Source of classification or shelving scheme Damaged status Not for loan Home library Current library Shelving location Date acquired Total Checkouts Full call number Barcode Date last seen Copy number Price effective from Koha item type
    Dewey Decimal Classification     Virtual Virtual Online 14/10/2011   ONLINE PUBLICATION 154105-2001 06/08/2019 1 06/08/2019 Book